| 000 | 00562nam a2200181Ia 4500 | ||
|---|---|---|---|
| 999 |
_c58565 _d58562 |
||
| 082 | _aR/5BS(CS)09 | ||
| 100 | _aAbdul Latif Soomro | ||
| 100 | _aRoll No. 09-08BS(CS)37 | ||
| 100 | _aSupervisor - Ms. Mehwish Leghari | ||
| 245 | 0 | _aMine Blog Social Networking Site. | |
| 260 |
_aNawabshah _bQUEST _c2013 |
||
| 300 | _a76p | ||
| 700 | _aZain-ul-Abdin Rahu (Roll No. 09-08BS(CS)47) | ||
| 700 | _aRabail Gopang (Roll No. 09BS(CS)01) | ||
| 700 | _aIftikhar Ali Solangi (Roll No. 09BS(CS)29) | ||
| 700 | _aAsma Shaikh (Roll No. 09BS(CS)46) | ||
| 942 | _cTHESIS | ||